书目信息 |
| 题名: |
计算机硬件技术基础
|
|
| 作者: | 朱卫东 , 朱卫东 编 | |
| 分册: | ||
| 出版信息: | 北京 高等教育出版社 2003.02 |
|
| 页数: | 392页 | |
| 开本: | 24cm | |
| 丛书名: | ||
| 单 册: | ||
| 中图分类: | TP303 | |
| 科图分类: | ||
| 主题词: | 微型计算机--wei xing ji suan ji--硬件--基本知识 | |
| 电子资源: | ||
| ISBN: | 7-04-010223-4 | |
| 000 | 00792nam0 2200265 450 | |
| 001 | CAL 012002062460 | |
| 005 | 20050701092027.74 | |
| 010 | @a7-04-010223-4@dCNY 26.40 | |
| 099 | @aCAL 012002062460 | |
| 100 | @a20020402d2003 emky0chiy0121 ea | |
| 101 | 0 | @achi |
| 102 | @aCN@b110000 | |
| 105 | @aak a 000yy | |
| 200 | 1 | @a计算机硬件技术基础@Aji suan ji ying jian ji zhu ji chu@f朱卫东等编@Fzhu wei dong deng bian |
| 210 | @a北京@c高等教育出版社@d2003.02 | |
| 215 | @a392页@c图@d24cm | |
| 320 | @a有书目 | |
| 333 | @a新世纪网络课程教材 | |
| 606 | 0 | @a微型计算机@Awei xing ji suan ji@x硬件@x基本知识 |
| 690 | @aTP303@v4 | |
| 701 | 0 | @a朱卫东@Azhu wei dong@4编 |
| 701 | 0 | @a朱卫东@Azhu wei dong@4编 |
| 801 | 0 | @aCN@bSJT@c20050701 |
| 905 | @a10447@dTP303@eZ880 | |
| 998 | @aSJT | |
| 计算机硬件技术基础/朱卫东等编.-北京:高等教育出版社,2003.02 |
| 392页:图;24cm |
| 使用对象:新世纪网络课程教材 |
| ISBN 7-04-010223-4:CNY 26.40 |
| ● |
| 相关链接 |
|
|
|
正题名:计算机硬件技术基础
索取号:TP303/Z880
 
预约/预借
| 序号 | 登录号 | 条形码 | 馆藏地/架位号 | 状态 | 备注 |
| 1 | 538211 | 205382110 | 自科二线404/301自科库 101排7列4层/ [索取号:TP303/Z880] | 在馆 | |
| 2 | 538212 | 205382129 | 自科库301/301自科库 76排2列3层/ [索取号:TP303/Z880] | 在馆 | |
| 3 | 538213 | 205382138 | 自科库301/301自科库 43排5列4层/ [索取号:TP303/Z880] | 在馆 |